000 00476nam a2200145Ia 4500
008 100122s9999 xx 000 0 und d
082 _b9014
_a822
100 _aकंगले र प
245 _aकालिदासाची नाटके
260 _bपॉप्युलर बुक डेपो
_c1957
300 _a218
630 _aकालिदासाची नाटके
730 _aकालिदासाची नाटके
942 _cBOOK
999 _c401148
_d401145